<?xml version="1.0" encoding="UTF-8"?>
<record
    xmlns:xsi="http://www.w3.org/2001/XMLSchema-instance"
    xsi:schemaLocation="http://www.loc.gov/MARC21/slim http://www.loc.gov/standards/marcxml/schema/MARC21slim.xsd"
    xmlns="http://www.loc.gov/MARC21/slim">

  <leader>03311nam a22003977i 4500</leader>
  <controlfield tag="001">B-11760</controlfield>
  <controlfield tag="003">CO-BoFNCP</controlfield>
  <controlfield tag="007">t|| </controlfield>
  <controlfield tag="008">090306s2008    ck     r           spa d </controlfield>
  <datafield tag="040" ind1=" " ind2=" ">
    <subfield code="a">CO-BoFNCP</subfield>
    <subfield code="b">spa</subfield>
    <subfield code="c">CO-BoFNCP</subfield>
    <subfield code="e">rda</subfield>
  </datafield>
  <datafield tag="041" ind1=" " ind2=" ">
    <subfield code="a">spa</subfield>
  </datafield>
  <datafield tag="043" ind1=" " ind2=" ">
    <subfield code="a">ck</subfield>
  </datafield>
  <datafield tag="084" ind1=" " ind2=" ">
    <subfield code="a">A-</subfield>
  </datafield>
  <datafield tag="100" ind1="1" ind2=" ">
    <subfield code="a">Garc&#xED;a N., Jes&#xFA;s A.</subfield>
    <subfield code="9">37117,</subfield>
    <subfield code="e">autor.</subfield>
    <subfield code="4">aut</subfield>
  </datafield>
  <datafield tag="245" ind1="1" ind2="0">
    <subfield code="a">Determinaci&#xF3;n de los par&#xE1;metros cin&#xE9;ticos de degradaci&#xF3;n t&#xE9;rmica de los subproductos de las plantas de beneficio mediante an&#xE1;lisis termogravim&#xE9;trico y calorimetr&#xED;a de barrido diferencial.</subfield>
  </datafield>
  <datafield tag="246" ind1="2" ind2=" ">
    <subfield code="a">Determination of kinetic parameters of thermal degradation of palm oil mill by-products using thermogravimetric analysis and differential scanning calorimetry</subfield>
  </datafield>
  <datafield tag="264" ind1=" " ind2="4">
    <subfield code="c">&#xA9;2008</subfield>
  </datafield>
  <datafield tag="300" ind1=" " ind2=" ">
    <subfield code="a">p&#xE1;ginas 31-46 :</subfield>
    <subfield code="b">Tablas, gr&#xE1;ficos.</subfield>
  </datafield>
  <datafield tag="336" ind1=" " ind2=" ">
    <subfield code="a">texto</subfield>
    <subfield code="b">txt</subfield>
    <subfield code="2">rdacontent</subfield>
  </datafield>
  <datafield tag="337" ind1=" " ind2=" ">
    <subfield code="a">sin mediaci&#xF3;n</subfield>
    <subfield code="b">n</subfield>
    <subfield code="2">rdamedia</subfield>
  </datafield>
  <datafield tag="338" ind1=" " ind2=" ">
    <subfield code="a">volumen</subfield>
    <subfield code="b">nc</subfield>
    <subfield code="2">rdacarrier</subfield>
  </datafield>
  <datafield tag="500" ind1=" " ind2=" ">
    <subfield code="a">Contiene resumen en espa&#xF1;ol e ingl&#xE9;s.</subfield>
  </datafield>
  <datafield tag="504" ind1=" " ind2=" ">
    <subfield code="a">Incluye 33 referencias bibliogr&#xE1;ficas.</subfield>
  </datafield>
  <datafield tag="520" ind1=" " ind2=" ">
    <subfield code="a">Empty fruit bunches (EFB), fiber, and shell are the main solid residues produced during extraction of oil from oil palm (Elaeis guineensis Jacq.). Thermogravimetric (TG) and differential scanning calorimetric (DSC) analyses of these materials were carried out on samples as received and after solvent extraction. Presence of extractives and ash had a strong effect on the thermal behavior of EFB. Observed thermal degradation behavior was described using two analytical approaches. The first approach considered that biomass thermal degradation occurs in three consecutive steps, while the second approach used three independent reactions as the model. The shapes of the TG and DSC curves were used to identify the degradation steps. The thermal degradation activation energy (E) and pre?exponential factor (A) obtained by both approaches were very similar.</subfield>
  </datafield>
  <datafield tag="520" ind1=" " ind2=" ">
    <subfield code="a">Los principales residuos s&#xF3;lidos producidos durante la extracci&#xF3;n de aceite de la palma de aceite (Elaeis guineensis Jacq.) son los racimos vac&#xED;os de fruta o tusas, fibras y cuesco. Se realizaron an&#xE1;lisis termogravim&#xE9;trico (TG) y calorim&#xE9;trico diferencial de barrido (CDB) de estos materiales en muestras tal como se recibieron y luego de la extracci&#xF3;n con disolvente. La presencia de extractivos y cenizas tuvo un importante efecto en el comportamiento t&#xE9;rmico de la tusa. El comportamiento de degradaci&#xF3;n t&#xE9;rmica observado se describi&#xF3; mediante dos m&#xE9;todos anal&#xED;ticos. El primero consider&#xF3; tres pasos consecutivos para la degradaci&#xF3;n t&#xE9;rmica de la biomasa, mientras que el segundo m&#xE9;todo emple&#xF3; tres reacciones independientes como modelo. Las formas de las curvas TG y CDB se usaron para identificar los pasos de degradaci&#xF3;n. La energ&#xED;a de activaci&#xF3;n (E) de la degradaci&#xF3;n t&#xE9;rmica y el factor pre-exponencial (A) obtenidos mediante ambos m&#xE9;todos fueron muy similares.</subfield>
  </datafield>
  <datafield tag="650" ind1=" " ind2="0">
    <subfield code="a">Aceite de palma</subfield>
    <subfield code="9">29635.</subfield>
  </datafield>
  <datafield tag="650" ind1=" " ind2="0">
    <subfield code="a">Biomasa</subfield>
    <subfield code="9">3542.</subfield>
  </datafield>
  <datafield tag="650" ind1=" " ind2="0">
    <subfield code="a">Extracci&#xF3;n.</subfield>
    <subfield code="9">10436</subfield>
  </datafield>
  <datafield tag="650" ind1=" " ind2="0">
    <subfield code="a">Licor de prensas</subfield>
    <subfield code="9">33472.</subfield>
  </datafield>
  <datafield tag="650" ind1=" " ind2="0">
    <subfield code="a">Sedimentaci&#xF3;n.</subfield>
    <subfield code="9">24307</subfield>
  </datafield>
  <datafield tag="700" ind1="1" ind2=" ">
    <subfield code="a">Das, Keshav C.</subfield>
    <subfield code="9">41349.</subfield>
  </datafield>
  <datafield tag="700" ind1="1" ind2=" ">
    <subfield code="a">Garc&#xED;a P., Manuel</subfield>
    <subfield code="9">41350.</subfield>
  </datafield>
  <datafield tag="773" ind1="0" ind2=" ">
    <subfield code="a">Palmas (Colombia)</subfield>
    <subfield code="g">v. 29, no. 4 (2008), p.31-46</subfield>
    <subfield code="w">A-</subfield>
    <subfield code="x">0121-2923</subfield>
  </datafield>
  <datafield tag="942" ind1=" " ind2=" ">
    <subfield code="2">z</subfield>
    <subfield code="c">1</subfield>
  </datafield>
  <datafield tag="952" ind1=" " ind2=" ">
    <subfield code="0">0</subfield>
    <subfield code="1">0</subfield>
    <subfield code="2">z</subfield>
    <subfield code="4">0</subfield>
    <subfield code="7">0</subfield>
    <subfield code="a">2</subfield>
    <subfield code="b">2</subfield>
    <subfield code="d">2013-10-21</subfield>
    <subfield code="l">0</subfield>
    <subfield code="o">A-</subfield>
    <subfield code="p">R-11760</subfield>
    <subfield code="r">2013-10-21 00:00:00</subfield>
    <subfield code="t">Ej. 1</subfield>
    <subfield code="w">2013-10-21</subfield>
    <subfield code="y">1</subfield>
  </datafield>
  <datafield tag="999" ind1=" " ind2=" ">
    <subfield code="c">26525</subfield>
    <subfield code="d">26525</subfield>
  </datafield>
</record>
